000 01056nam a22003137a 4500
003 CHAP
005 20220329141149.0
008 971010s1981 r 00010 d
010 _a63682
011 _a64654
035 _a70618
040 _cCHAP
090 _aFolleto 10090
100 0 0 _aWilliams Alanís, Héctor.
_9122018
245 1 _aDos nuevos sorgos híbridos de grano para el norte de Tamaulipas INIA RB-30-30 e INIA RB-3006
260 _aRío Bravo, Tamps. :
_bINIA. Campo Agrícola Experimental Río Bravo,
_c1981
300 _a12 p.
490 _aFolleto técnico
_v; 2
590 _aBATCH-UPD
_b10
_c20130110
_lUCH01
_h1944
590 _aBATCH-UPD
_b10
_c20130410
_lUCH01
_h1306
590 _aBATCH-UPD
_b10
_c20130914
_lUCH01
_h1424
590 _aCONVERSION
_b10
_c20130109
_lUCH01
_h1334
650 1 4 _aSorgo
_xHíbridos.
_9108681
830 0 _aFolleto técnico
_v; 2
_942067
901 _aBK
942 _cFOLL
949 _aFolleto 10090
_bBC
_cFOLL
_d-144372
_eTS1
_i70618
_si
949 _aFolleto 10090
_bBC
_cFOLL
_d-144373
_eTS2
_fc.2
_i70618
_si
999 _c63682
_d63682